000 00949nam a2200253Ia 4500
003 GCL
008 140319s9999 xx 000 0 ara d
040 _aGCL /
_cGCL
082 0 4 _aق
_b720.962
_bك ل
100 1 _aكمال الدين سامح
245 1 0 _aلمحات فى تاريخ العمارة المصرية منذ اقدم العصور حتى العصر الحديث /
_cكمال الدين سامح
260 _aالقاهرة :
_bهيئة الاثار المصرية ،
_c1986
300 _a97 ص ؛
_c24 سم
490 _aسلسلة الثقافة الاثرية والتاريخية
_v5
650 0 4 _aالعصر الحديث
650 0 4 _aمصر
650 0 4 _aمصر القديمة
650 0 4 _aالاثار الفرعونية
650 0 4 _aالعمارة المصرية
650 0 4 _aالمساجد
650 0 4 _aالعصر اليونانى
650 0 4 _aمصر - المبانى التاريخية
942 _2ddc
_cBK
999 _c53010
_d53010